载入...
Economic Devlopment And Social Change
| 主要作者: | |
|---|---|
| 格式: | Printed Book |
| 语言: | Undetermined |
| 出版: |
Trivandrum:
Research Review Publications Committee,
1990
|
| 主题: |
| LEADER | 00550nam a2200157Ia 4500 | ||
|---|---|---|---|
| 008 | 200110s9999||||xx |||||||||||||| ||und|| | ||
| 080 | |a 303.44 |b KUN-E | ||
| 100 | |a Kunhaman, M | ||
| 245 | 0 | |a Economic Devlopment And Social Change | |
| 260 | |a Trivandrum: |b Research Review Publications Committee, |c 1990 | ||
| 300 | |a 134 p. |f PB | ||
| 500 | |a General | ||
| 650 | |a Economic Devlopment And Social Change | ||
| 942 | |c BK | ||
| 999 | |c 255660 |d 255660 | ||
| 952 | |0 0 |1 0 |4 0 |6 303_440000000000000_KUNE |7 0 |9 271585 |a SOC |b SOC |l 0 |o 303.44 KUN-E |p SOC5310 |r 2020-01-14 |w 2020-01-14 |y BK | ||